000
00249nam a2200109Ia 4500
999
_c
6529
_d
6529
020
_a
9788129702609
100
_a
Dale H.Besterfield
245
0
_a
Total Quality Management
260
_a
India
_b
Dorling Kindersley
_c
2003
300
_a
558
942
_c
BK